Efectos concursales sobre las obligaciones y los contratos /

Guardado en:
Autor Principal: Graziabile, Dario J.
Otros Autores: Rubín, Miguel E., (prol.)
Formato: Libro
Idioma:Spanish
Publicado: Ciudad Autónoma de Buenos Aires : Astrea, 2018.
Edición:1a. ed.
Materias:
Etiquetas: Agregar Etiqueta
Sin Etiquetas, Sea el primero en etiquetar este registro!
LEADER 00898nam a22001935a 4500
001 DER.der013681
008 180831s2018####ag############000#0#spa#d
005 20250808124502.0
245 1 0 |a Efectos concursales sobre las obligaciones y los contratos /  |c Darío J. Graziabile ; con la colaboración de Sebastián E. Almada ; prólogo de Miguel E. Rubín. 
250 |a 1a. ed. 
260 |a Ciudad Autónoma de Buenos Aires :  |b Astrea,  |c 2018. 
300 |a 583 p. 
500 |a Obligaciones a plazo, dinerarias y no dinerarias. Sustitución subjetiva. Obligaciones solidarias. Restitución y readquisición de la posesión. Pago. Retención. Extinción. Extinción de las obligaciones. 
020 |a 9789877062397 
100 1 |a Graziabile, Dario J. 
700 1 |a Almada, Sebastián E.,  |e col. 
700 1 |a Rubín, Miguel E.,  |e prol. 
650 7 |a DEREECHO CONCURSAL 
859 |a DERECHO  |b BIB. DERECHO  |h 346.02  |i GRA  |p 008722